000 00814nam a2200193Ii 4500
003 JO-AjNU
008 230605s9999||||xx |||||||||||||| ||und||
040 _aJO-AjNU
_bara
_erda
_cJO-AjNU
041 _aara
050 1 4 _aBP70.I2732 1900
100 3 _aتاليف: ابن الجوزي، جمال الدين ابي الفرج عبدالرحمن بن علي الجوزي؛ صنع فهارسه: عبدالسلام محمد هارون,
_eauthor
_959040
245 0 0 _aصفة الصفوة مجلد 3-4
264 3 1 _aمكة المكرمة: المكتبة التجارية، 1900
300 _aمج3-4: 350ص
_bيحتوي على فهارس من ص 317-350
336 _atext
_btxt
_2rdacontent
337 _aunmediated
_bn
_2rdamedia
338 _avolume
_bnc
_2rdacarrier
650 4 _aالمسلمون- تراجم
_959041
999 _aA26548
_c30116
_d30116